000 00596nam a2200217 a 4500
001 BRCA_8202
005 20190320210156.0
008 140514s1955----mx-####f##---#000-0#spa-#
041 _aspa
044 _amx
050 4 _aKG3686
_b.L4 1955
245 1 0 _aLey de sociedades de inversión
_cComisión Nacional de Valores.
260 _aMéxico
_bCultura
_c1955
300 _a41 p.
_c20 cm.
500 _aEjemplar igual a CFG85
500 _aU67
650 1 4 _aBolsa de valores
_xLegislación
_zMéxico
_912274
710 2 _aComisión Nacional de Valores
_910924
902 _aGFM
942 _2lcc
_cB
999 _c7870
_d7870